| 000 | 00580nam a22002297a 4500 | ||
|---|---|---|---|
| 003 | UA-OsUOA | ||
| 001 | 41032 | ||
| 007 | ta | ||
| 008 | 20080710b un ||||| |||| 00| 0 ukr d | ||
| 100 | _aБичинський З. | ||
| 090 |
_a09-284.1 _bБ67 |
||
| 942 | _cBK | ||
| 040 |
_aUA-OsUOA _bukr _cUA-OsUOA _dUA-OsUOA |
||
| 245 | _aМартин Лютер. Історія його життя. | ||
| 300 | _a87 с. | ||
| 955 | _a1 | ||
| 041 | _aukr | ||
| 080 | _a09-284.1 | ||
| 260 |
_aВінніпег _c1925 |
||
| 650 | 7 |
_a0 Загальний відділ. _2UDC |
|
| 999 |
_c439533 _d439533 |
||